Normal view
MARC view
Entry Uniform Title
001 - CONTROL NUMBER
- control field: 16524
003 - CONTROL NUMBER IDENTIFIER
- control field: dpl
005 - DATE AND TIME OF LATEST TRANSACTION
- control field: 20100825120810.0
008 - FIXED-LENGTH DATA ELEMENTS
- fixed length control field: 100825|||a|||||| | ||| d
040 ## - CATALOGING SOURCE
- Original cataloging agency: dpl
- Transcribing agency: dpl
130 ## - HEADING--UNIFORM TITLE
- Uniform title: CMA Publication No.228
670 ## - SOURCE DATA FOUND
- Source citation: Work cat.: (dpl)43038: Datta, Samar K. 16523, Towards evolving an agricultural policy matrix in a federal structure - the post-WTO scenario in India / , 2010
670 ## - SOURCE DATA FOUND
- Source citation: Work cat.: (dpl)43038: Datta, Samar K. 16523, Towards evolving an agricultural policy matrix in a federal structure - the post-WTO scenario in India / , 2010
